[Event "Aragon-chT"]
[Site "Spain"]
[Date "2004.??.??"]
[Round "?"]
[White "Lopez Guaita, Fernando"]
[Black "Gil Gil, Luis"]
[Result "1-0"]
[WhiteElo "2006"]
[BlackElo "1801"]
[PlyCount "83"]
[EventDate "2004.01.??"]
[EventType "team"]
[EventRounds "11"]
[EventCountry "ESP"]
[SourceTitle "EXT 2006"]
[Source "ChessBase"]
[SourceDate "2005.11.24"]
[SourceVersion "1"]
[SourceVersionDate "2005.11.24"]
[SourceQuality "1"]

1. e4 e5 2. Nf3 Nc6 3. Bb5 a6 4. Ba4 Nf6 5. 0-0 Be7 6. Re1 b5 7. Bb3 0-0 8. a4 Bb7 9. c3 d5 10. axb5 axb5 11. Rxa8 Bxa8 12. exd5 Nxd5 13. d3 Qd6 14. Qe2 Nf4 15. Bxf4 exf4 16. d4 Bf6 17. Qxb5 Ne7 18. Nbd2 Bc6 19. Qd3 Bxf3 20. Qxf3 Ng6 21. Qd5 Bd8 22. Re8 Qxd5 23. Rxf8+ Kxf8 24. Bxd5 f5 25. Be6 Ne7 26. Nf3 g6 27. Ne5 Ng8 28. Nc6 Bf6 29. Bxg8 Kxg8 30. f3 Kf7 31. c4 Ke6 32. b4 g5 33. Kf2 h5 34. b5 g4 35. h3 Bg7 36. Ke2 Kf6 37. c5 Ke6 38. b6 cxb6 39. cxb6 Kd7 40. b7 Kc7 41. b8Q+ Kxc6 42. Qxf4 1-0